000 00394pab a2200157 454500
008 180718b2007 xxu||||| |||| 00| 0 eng d
100 _aLevy, Gilat
245 _aDecision-making procedures for committees of careerist experts
260 _c2007
300 _ap.306-10.
362 _aMay
650 _aDecision making
773 _aAmerican Economic Review
908 _aN
909 _a74168
999 _c74168
_d74168